Alle "Bach"-Städte Deutschlands - Statistiken

Allgemein
  • Dieses Quiz wurde 574 mal gespielt
  • Das Durchschnittsergebnis liegt bei 8 aus 77
Antwortstatistiken
- Einwohner Stadt BL % Korrekt
-bach 131.295 Offenbach am Main HE
69%
-bach 261.001 Mönchengladbach NW
58%
-bach 111.645 Bergisch Gladbach NW
47%
-bach 41.662 Ansbach BY
45%
Bach- 1.839 Bacharach RP
27%
-bach 51.126 Gummersbach NW
25%
-bach 26.831 Rheinbach NW
25%
-bach 41.146 Schwabach BY
25%
-bach 25.724 Kulmbach BY
20%
-bach 26.660 Butzbach HE
19%
-bach 13.852 Lauterbach HE
19%
-bach- 23.688 Limbach-Oberfrohna SN
19%
-bach 23.287 Korbach HE
17%
-bach 15.797 Marbach am Neckar BW
17%
-bach 14.313 Eberbach BW
16%
-bach 34.517 Dietzenbach HE
15%
-bach 45.141 Fellbach BW
15%
-bach 11.469 Miesbach BY
11%
-bach 4.262 Heimbach NW
10%
-bach 15.269 Schwalbach am Taunus HE
10%
-bach 3.962 Amorbach BY
9%
-bach 11.277 Bad Schwalbach HE
9%
-bach 13.818 Erbach (Odenwald) HE
9%
-bach 1.427 Hornbach RP
9%
-bach 17.013 Kelsterbach HE
9%
-bach 23.307 Mosbach BW
9%
-bach- 9.435 Steinbach-Hallenberg TH
9%
-bach 17.804 Auerbach/Vogtland SN
8%
-bach 4.331 Eschenbach in der Oberpfalz BY
8%
-bach 14.583 Hilchenbach NW
8%
-bach 10.647 Steinbach (Taunus) HE
8%
-bach 5.591 Traben-Trarbach RP
8%
-bach- 7.959 Ransbach-Baumbach RP
7%
-bach 7.959 Ransbach-Baumbach RP
7%
-bach 19.992 Reichenbach im Vogtland SN
7%
-bach- 19.094 Sulzbach-Rosenberg BY
7%
-bach 2.956 Wurzbach TH
7%
-bach 13.797 Erbach (Donau) BW
6%
-bach 12.294 Gladenbach HE
6%
-bach 13.610 Krumbach (Schwaben) BY
6%
-bach 9.569 Laubach HE
6%
-bach 18.694 Lebach SL
6%
-bach 8.880 Auerbach in der Oberpfalz BY
5%
-bach 17.482 Bexbach SL
5%
-bach 14.171 Gernsbach BW
5%
-bach 7.974 Medebach NW
5%
-bach 10.111 Simbach am Inn BY
5%
-bach 16.256 Sulzbach/Saar SL
5%
-bach- 4.320 Tambach-Dietharz TH
5%
-bach- 23.979 Übach-Palenberg NW
5%
-bach 12.797 Wächtersbach HE
5%
-bach 10.946 Gengenbach BW
4%
-bach 9.892 Heubach BW
4%
-bach 4.862 Reichenbach/Oberlausitz SN
4%
-bach 12.838 Rosbach vor der Höhe HE
4%
-bach 6.198 Alpirsbach BW
3%
-bach 15.531 Ebersbach an der Fils BW
3%
-bach 5.974 Großbreitenbach TH
3%
-bach 11.740 Hemsbach BW
3%
-bach 12.431 Röthenbach an der Pegnitz BY
3%
-bach 4.930 Windischeschenbach BY
3%
-bach 9.047 Bad Griesbach im Rottal BY
2%
-bach 2.929 Braubach RP
2%
-bach 7.220 Dettelbach BY
2%
-bach- 11.526 Ebersbach-Neugersdorf SN
2%
-bach 10.256 Erlenbach am Main BY
2%
-bach 5.460 Hagenbach RP
2%
-bach 5.978 Haiterbach BW
2%
-bach 17.749 Oberasbach BY
2%
-bach 6.153 Windsbach BY
2%
-bach 3.103 Wolframs-Eschenbach BY
2%
-bach 8.476 Lauter-Bernsbach SN
1%
-bach 8.057 Ramstein-Miesenbach RP
1%
-bach 4.175 Schnaittenbach BY
1%
-bach 6.821 Schwarzenbach an der Saale BY
1%
-bach 3.715 Vöhrenbach BW
1%
-bach 4.356 Schwarzenbach am Wald BY
0%
Keine übereinstimmenden Quizze gefunden
Verteilung der Resultate
Anzahl Personen mit jedem Resultat
Perzentil nach korrekt beantworteten Fragen
Ihre Resultats-Entwicklung
Sie haben dieses Quiz noch nicht gespielt